01220nam a2200217Ia 4500008004100000020001800041050002500059100004400084245011100128250001800239260003000257300003000287490002400317500014800341500002300489504003900512505037200551650002400923650002400947650003100971120625s2011 mx 001 0 spa d a9786074062960 4aHF5681.B2 bR65 20111 a Román Fuentes, Juan Carlose , autor10aEstados financieros básicosb : proceso de elaboración y reexpresiónc / Juan Carlos Román Fuentes a5a. edición aMéxicob : ISEFc, 2011 a281 páginasc ; 21 cm.  aLinea Universitaria aContiene información publicada por el CNIF y el IMCP hasta el 1° de enero de 2011, vigente a partir de los ejercicios inciados en esa fecha  a1a. edición 2006 aBibliografía al final del libro 0 aSistemas de información contable Normas aplicables a los estados financieros en su conjunto El balance general El estado de resultados El estado de flujos de efectivo El estado de variaciones en el capital contable Proceso integral de elaboración de los cuatro estados financieros básicos La inflación y la reexpresión de la información financiera  4aESTADOS FINANCIEROS 4aEMPRESASxFINANZAS  4aINFLACIÓNxCONTABILIDAD